Satisfacer las necesidades básicas de la población rural pobre.

Guardado en:
Detalles Bibliográficos
Autor principal: Coombs, Philip Hall (autor)
Formato: Libro
Idioma:Español
Colección:(Lecturas Seleccionadas sobre Educación ; 61)
Temas:
Etiquetas: Agrega una etiqueta
Sin etiquetas, Sé el primero en etiquetar este registro!

MARC

LEADER 00000cam^a2200000uu^4500
001 000482140
005 20250521000000.0
008 050901s1985^^^^^^^^^^^^rd^r^^000^0^spa^d
009 20260526150453.627
035 |a FCE 000025179 
035 |a FCE 013559 
037 |a Acervo ITESO - Biblioteca 
041 |a spa 
082 0 4 |a 082.37142  |b LSSE 61 
100 |a Coombs, Philip Hall  |e (autor) 
245 1 0 |a Satisfacer las necesidades básicas de la población rural pobre. 
264 |a México :  |b SEP,  |c 1985. 
300 |a 25 p. 
336 |a texto  |b txt  |2 rdacontenido 
337 |a sin mediación  |b n  |2 rdamedio 
338 |a volumen  |b nc  |2 rdasoporte 
440 0 0 |a (Lecturas Seleccionadas sobre Educación ; 61) 
649 |a XX 
650 |a Desarrollo rural 
650 |a Pobreza 
650 |a Necesidades educativas 
650 |a Zona rural 
650 |a Organización social 
650 |a Necesidades de conocimientos 
650 |a Necesidades básicas 
650 |a Países en desarrollo 
910 |a Fondo Centro de Estudios Educativos 
920 |a Impresos - Libros 
930 |a Fondos Especiales 
905 |a 133 
901 |a ALE013559  |b IT2  |c CEE  |u 20250521 
902 |a https://opac.biblio.iteso.mx/vufind/Record/000482140